000 00415nam a2200169Ia 4500
008 210210b1986 xxu||||| |||| 00| 0 eng d
020 _a8120400011
082 _a574.87322 SHAC
100 _aSHARMA (Archana).
245 _aChromosomes. Ed 2.
250 _a
260 _aN Delhi
_bOxford & IBH publishing Co.
_c1986
300 _axi,439
650 _aChromosomes
690 _aCell Biolog
906 _a04165
999 _c91585
_d91585